| 000 | 00929cab a2200277 4500 | ||
|---|---|---|---|
| 001 | ABS59746 | ||
| 008 | 090401t1998 xxu||||| |||| 00| 0 eng d | ||
| 035 | _a(Sirsi) u89803 | ||
| 041 | _aeng | ||
| 100 | _aAmbrose, J. | ||
| 245 | _aLooking up down south | ||
| 260 | _c1998 | ||
| 350 | _a0 | ||
| 490 |
_aThe Valuer _v67(6) November/December 1998, 12-13(2) |
||
| 520 | _aDiscusses Southwark Council`s plans for a major regeneration project at the Elephant and Castle, and Peckham Partnerships`s regeneration brief. Reports on the £260m regeneration programme of housing estates in 1995, and considers the potential of the area. | ||
| 650 | _aELEPHANT AND CASTLE | ||
| 650 | _aHIGH DENSITY HOUSING | ||
| 650 | _aPECKHAM | ||
| 650 | _aREGENERATION | ||
| 650 | _aRESIDENTIAL CONVERSIONS | ||
| 650 | _aRETAIL SECTOR | ||
| 650 | _aTRANSPORT LINKS | ||
| 690 | _aURBAN RENEWAL | ||
| 942 | _n0 | ||
| 948 | _c19/11/1998 | ||
| 999 |
_c56846 _d56846 |
||